[Event "East Lansing (MOR/2/12)"]
[Site "?"]
[Date "1993.??.??"]
[Round "?"]
[White "Iyer, Krishnan"]
[Black "Munger, Larry"]
[Result "1/2-1/2"]
[WhiteElo "1605"]
[BlackElo "1700"]
[PlyCount "67"]
[EventDate "1993.??.??"]

{2/(12)} 1. e4 d6 2. d4 Nf6 3. Nc3 g6 4. Be2 Bg7 5. f4 O-O 6. Nf3 c5 7. e5 dxe5
8. dxe5 Qxd1+ 9. Nxd1 Nfd7 10. Ne3 Nc6 11. c3 Nb6 12. O-O Be6 13. Ng5 Bd7 14.
Ne4 Nd8 15. Nxc5 Bc6 16. Bf3 Rc8 17. Bxc6 Rxc6 18. Ne4 Ne6 19. Nc2 Rc4 20. Re1
Nd5 21. g3 Rc6 22. Ne3 Nxe3 23. Bxe3 b6 24. Rad1 f5 25. Nf2 Nc7 26. Rd7 e6 27.
Nd3 Rf7 28. Rxf7 Kxf7 29. Nb4 Rc4 30. Rd1 Ke7 31. Rd6 Nb5 32. Rc6 Rxc6 33.
Nxc6+ Kd7 34. Nd4 1/2-1/2

[Event "Eastpointe (EDO/4/17)"]
[Site "?"]
[Date "1993.??.??"]
[Round "?"]
[White "Iyer, Krishnan"]
[Black "Moore, De"]
[Result "0-1"]
[WhiteElo "1605"]
[BlackElo "1605"]
[PlyCount "50"]
[EventDate "1993.??.??"]

{4/(17)} 1. e4 e5 2. f4 Nf6 3. Nc3 exf4 4. Bc4 Nc6 5. Nf3 d6 6. d4 h6 7. Bxf4
Bg4 8. Qd2 Qe7 9. O-O-O O-O-O 10. Rhe1 g5 11. Bg3 Bg7 12. Re3 a6 13. Nd5 Qd7
14. Qe2 Nxd5 15. exd5 Bxf3 16. dxc6 Bxc6 17. Re7 Rde8 18. Rxd7 Rxe2 19. Rxf7
Rxg2 20. Rxg7 Be4 21. Bd3 Bxd3 22. Rxd3 Re8 23. Rc3 Ree2 24. Rgxc7+ Kd8 25.
Rxb7 Rg1+ 0-1

[Event "Lansing (MI Am/1)"]
[Site "?"]
[Date "1993.??.??"]
[Round "?"]
[White "Iyer, Krishnan"]
[Black "Miller, Doug"]
[Result "1-0"]
[WhiteElo "1605"]
[BlackElo "1605"]
[PlyCount "63"]
[EventDate "1993.??.??"]

1. e4 e5 2. f4 d6 3. Nf3 Nf6 4. Nc3 Bg4 5. Bc4 c6 6. fxe5 dxe5 7. Bxf7+ Kxf7 8.
Nxe5+ Ke8 9. Nxg4 Nbd7 10. d4 h5 11. Ne3 Bb4 12. Qf3 Rf8 13. Qf5 Rf7 14. O-O
Nf8 15. e5 g6 16. Qf3 Be7 17. exf6 Bxf6 18. Ne2 b5 19. Qxc6+ Nd7 20. Qe6+ Kf8
21. Nd5 Kg7 22. Nxf6 Nxf6 23. Bg5 Qf8 24. Bxf6+ Rxf6 25. Rxf6 Qxf6 26. Qxf6+
Kxf6 27. Nf4 Kf5 28. g3 Rd8 29. c3 Re8 30. Kf2 g5 31. Nd3 Ke4 32. Re1+ 1-0

[Event "Eastpointe (MI Action/3/23)"]
[Site "?"]
[Date "1993.??.??"]
[Round "?"]
[White "Iyer, Krishnan"]
[Black "Lyons, R."]
[Result "1-0"]
[WhiteElo "1605"]
[BlackElo "1605"]
[PlyCount "65"]
[EventDate "1993.??.??"]

{3/(23)} 1. e4 e5 2. f4 d6 3. Nf3 exf4 4. d4 Nc6 5. Bxf4 f6 6. Nc3 Bg4 7. Bb5
Nge7 8. d5 a6 9. dxc6 axb5 10. cxb7 Rb8 11. Nxb5 Rxb7 12. c4 f5 13. e5 d5 14.
b3 c6 15. Nd6+ Kd7 16. Nxb7 Qa8 17. Nc5+ Ke8 18. Ne6 Qa5+ 19. Qd2 Qb6 20. c5
Qa7 21. Nfd4 Qb7 22. a4 Ng6 23. g3 Ke7 24. Qa5 Qb8 25. Nxc6+ Kxe6 26. Nxb8 Ne7
27. Qb6+ Kf7 28. e6+ Kf6 29. Nd7+ Kg6 30. c6 h6 31. c7 d4 32. c8=Q Nxc8 33. e7+
1-0

[Event "Flint (MI Senior/4)"]
[Site "?"]
[Date "1993.??.??"]
[Round "?"]
[White "Iyer, Krishnan"]
[Black "Jackson, Don"]
[Result "1-0"]
[WhiteElo "1605"]
[BlackElo "1605"]
[PlyCount "31"]
[EventDate "1993.??.??"]

1. e4 c5 2. Nf3 Nc6 3. d4 cxd4 4. Nxd4 d6 5. Bc4 g6 6. O-O Bg7 7. c3 Nf6 8. f3
Nd7 9. Be3 Qb6 10. Qd2 Qc7 11. b4 Nxb4 12. Bxf7+ Kxf7 13. cxb4 a6 14. Rc1 Qd8
15. a4 b6 16. Qa2+ 1-0

[Event "East Lansing (MOR/7/32)"]
[Site "?"]
[Date "1993.??.??"]
[Round "?"]
[White "Iyer, Krishnan"]
[Black "Holland, K."]
[Result "0-1"]
[WhiteElo "1605"]
[BlackElo "1605"]
[PlyCount "68"]
[EventDate "1993.??.??"]

{7/(32)} 1. e4 e5 2. f4 exf4 3. Nf3 d5 4. exd5 Qxd5 5. Nc3 Qe6+ 6. Qe2 Bd6 7.
d3 Nc6 8. Qxe6+ Bxe6 9. Ne2 Nb4 10. Kd2 Nf6 11. c4 Ng4 12. b3 Nf2 13. Rg1 Nbxd3
14. Ned4 Nxc1 15. Rxc1 Ng4 16. Nc2 O-O 17. Re1 Rad8 18. Bd3 Nf2 19. Ncd4 Bb4+
20. Kc2 Bxe1 21. Rxe1 Nxd3 22. Kxd3 Bf5+ 23. Kc3 Bg6 24. Nb5 Rfe8 25. Rxe8+
Rxe8 26. Nxc7 Re3+ 27. Kd2 Be4 28. Nd5 Bxd5 29. cxd5 Kf8 30. Ng5 h6 31. Nh7+
Ke7 32. g3 Re5 33. gxf4 Rxd5+ 34. Ke3 Rd1 0-1

[Event "Lansing (MI Am/3)"]
[Site "?"]
[Date "1993.??.??"]
[Round "?"]
[White "Iyer, Krishnan"]
[Black "Eckert, William"]
[Result "0-1"]
[WhiteElo "1605"]
[BlackElo "1605"]
[PlyCount "36"]
[EventDate "1993.??.??"]

1. e4 Nf6 2. Nc3 e5 3. Nf3 Nc6 4. a3 Bc5 5. b4 Bb6 6. h3 Nd4 7. Bc4 Nxe4 8.
Nxe4 d5 9. Nxe5 Qe7 10. Bxd5 Qxe5 11. Bxf7+ Kxf7 12. d3 Bf5 13. f4 Nf3+ 14.
Qxf3 Qxa1 15. Kd2 Bxe4 16. Qxe4 Rhe8 17. Qxb7 Rad8 18. Qf3 Be3+ 0-1

[Event "East Lansing (May)"]
[Site "?"]
[Date "1993.??.??"]
[Round "?"]
[White "Iyer, Krishnan"]
[Black "Dane, C."]
[Result "0-1"]
[WhiteElo "1605"]
[BlackElo "1605"]
[PlyCount "66"]
[EventDate "1993.??.??"]

1. e4 e5 2. f4 exf4 3. Nf3 g5 4. h4 g4 5. Ne5 d6 6. Nxg4 Bg7 7. d4 Bxg4 8. Qxg4
Bxd4 9. Qxf4 Qf6 10. c3 Qxf4 11. Bxf4 Bb6 12. g4 Nf6 13. e5 Nxg4 14. exd6 cxd6
15. Bxd6 Kd7 16. Bg3 Nc6 17. Nd2 Rae8+ 18. Kd1 Ne3+ 19. Kc1 Rhf8 20. Bh3+ f5
21. Bf4 h5 22. Nf3 Ng4 23. Rd1+ Kc8 24. Bxg4 fxg4 25. Nd4 Nxd4 26. cxd4 Re4 27.
Be5 Bc7 28. Bxc7 Kxc7 29. Kc2 Kd6 30. Rd3 Kd5 31. Rad1 Rc8+ 32. Rc3 Rc4 33.
Rxc4 Kxc4 0-1

[Event "Eastpointe (EDO/5/20)"]
[Site "?"]
[Date "1993.??.??"]
[Round "?"]
[White "Iyer, Krishnan"]
[Black "Bolter, C."]
[Result "0-1"]
[WhiteElo "1605"]
[BlackElo "1605"]
[PlyCount "88"]
[EventDate "1993.??.??"]

{5/(20)} 1. e4 c5 2. Nf3 Nc6 3. d4 cxd4 4. Nxd4 e5 5. Nb3 d6 6. Be3 g6 7. c4
Bg7 8. Nc3 Nge7 9. g4 O-O 10. h4 Be6 11. h5 Qd7 12. hxg6 fxg6 13. g5 Rf7 14.
Be2 Raf8 15. Rh2 Nc8 16. Qd2 Nb6 17. Bxb6 axb6 18. Nd5 Bxd5 19. cxd5 Nd4 20.
Nxd4 exd4 21. a4 Be5 22. Rg2 Qh3 23. Bf1 Qf3 24. Qe2 Rf4 25. Qxf3 Rxf3 26. Be2
Rb3 27. Rb1 Rf4 28. f3 d3 29. Bd1 Rb4 30. Rd2 Rd4 31. Kf2 Rdxe4 32. Rxd3 Rb4
33. Rb3 Rxb3 34. Bxb3 Rb4 35. Bc2 Rd4 36. Be4 Rxa4 37. b3 Ra2+ 38. Ke3 Ra3 39.
f4 Bc3 40. f5 Kg7 41. f6+ Kf7 42. Bf3 Bb4 43. Bd1 Ra2 44. Rc1 Bd2+ 0-1

[Event "Eastpointe (MI Action/5/13)"]
[Site "?"]
[Date "1993.??.??"]
[Round "?"]
[White "Iyer, Krishnan"]
[Black "Bee, A."]
[Result "0-1"]
[WhiteElo "1605"]
[BlackElo "1830"]
[PlyCount "57"]
[EventDate "1993.??.??"]

{5/(13)} 1. e4 c6 2. b3 d5 3. f3 e5 4. Bb2 Nd7 5. d4 Bb4+ 6. Nd2 dxe4 7. dxe5
e3 8. c3 exd2+ 9. Qxd2 Bc5 10. b4 Bxg1 11. Rxg1 Ne7 12. O-O-O O-O 13. Bc4 Qc7
14. e6 Ne5 15. exf7+ Nxf7 16. Bd3 Bf5 17. c4 Rad8 18. Qc3 Qf4+ 19. Kb1 Qh6 20.
Bxf5 Nxf5 21. g4 N5d6 22. h4 Ne8 23. Rxd8 Nxd8 24. Rd1 Qxh4 25. f4 Rxf4 26. Qd2
Ne6 27. Qd7 N6c7 28. Be5 Rf7 29. Qc8 0-1

[Event "Eastpointe (MI Action/1/4)"]
[Site "?"]
[Date "1993.??.??"]
[Round "?"]
[White "Iyer, Krishnan"]
[Black "Andrews, Steve"]
[Result "0-1"]
[WhiteElo "1605"]
[BlackElo "2220"]
[PlyCount "54"]
[EventDate "1993.??.??"]

{1/(4)} 1. e4 Nf6 2. e5 Nd5 3. c4 Nb6 4. a4 a5 5. Nf3 d6 6. exd6 cxd6 7. d4 Bg4
8. Be3 g6 9. Be2 Bg7 10. b3 Nc6 11. c5 dxc5 12. Ra2 cxd4 13. Rd2 Bxf3 14. Bxf3
e5 15. Bxc6+ bxc6 16. Rd3 O-O 17. Qc1 e4 18. Rd1 Qd5 19. Bh6 e3 20. Bxe3 Qe6
21. O-O dxe3 22. fxe3 Nd5 23. Rf3 Rad8 24. Nd2 f5 25. Nc4 Nc3 26. Rxd8 Rxd8 27.
Nxa5 Rd1+ 0-1

[Event "Troy (TCC/B/1b/4)"]
[Site "?"]
[Date "1993.??.??"]
[Round "?"]
[White "Imai, Toshio"]
[Black "Reeves, Andre"]
[Result "1-0"]
[WhiteElo "1750"]
[BlackElo "1645"]
[PlyCount "125"]
[EventDate "1993.??.??"]

1. e4 e6 2. d4 d5 3. e5 c5 4. c3 Nc6 5. Nf3 f6 6. Bb5 Qb6 7. Qe2 a6 8. Bxc6+
bxc6 9. O-O cxd4 10. cxd4 c5 11. Be3 Bd7 12. Qc2 Rc8 13. Nc3 fxe5 14. Nxe5 Nf6
15. Nxd7 Nxd7 16. dxc5 Qc6 17. b4 e5 18. Bg5 Nf6 19. Qf5 Nd7 20. Rfe1 Be7 21.
Bxe7 Kxe7 22. Rad1 Rcf8 23. Qg5+ Kf7 24. Nxd5 Re8 25. Qf5+ Nf6 26. Nxf6 Qxf6
27. Rd7+ Kf8 28. Qxf6+ gxf6 29. Ra7 Re7 30. Rxa6 Kf7 31. Rd1 Rb7 32. a3 Rc8 33.
g3 f5 34. Rdd6 Kg7 35. Rf6 Ra8 36. Rxa8 Kxf6 37. Ra6+ Ke7 38. Kf1 Kd8 39. Ke2
Kc7 40. f3 Rb8 41. Ra7+ Kc6 42. Rxh7 Kb5 43. Ra7 Rh8 44. h4 Rh6 45. Kf2 f4 46.
Rb7+ Ka4 47. gxf4 exf4 48. Rf7 Rxh4 49. Kg2 Rh6 50. Rxf4 Ra6 51. Kg3 Kxa3 52.
Kg4 Ra8 53. Re4 Rg8+ 54. Kf4 Rf8+ 55. Ke3 Ra8 56. Kf2 Rd8 57. f4 Rd2+ 58. Re2
Rd4 59. Kg3 Rxb4 60. Re5 Rb1 61. Kg4 Rc1 62. Kf5 Rc4 63. Kg5 1-0

[Event "East Lansing (MOR/4/6)"]
[Site "?"]
[Date "1993.??.??"]
[Round "?"]
[White "Imai, Toshio"]
[Black "Munger, Larry"]
[Result "0-1"]
[WhiteElo "1750"]
[BlackElo "1700"]
[PlyCount "130"]
[EventDate "1993.??.??"]

{4/(6)} 1. e4 d6 2. d4 Nf6 3. Nc3 g6 4. f4 Bg7 5. Nf3 O-O 6. e5 dxe5 7. fxe5
Nd5 8. Nxd5 Qxd5 9. c4 Qe4+ 10. Be2 Rd8 11. O-O Bf5 12. Qb3 c5 13. Re1 cxd4 14.
Bf1 Qc6 15. Bg5 Rd7 16. Rad1 Qc5 17. Bd3 Be6 18. Qc2 Nc6 19. Bf4 Nb4 20. Qb1
Nxd3 21. Rxd3 Bf5 22. b3 e6 23. Red1 Bxd3 24. Rxd3 Rad8 25. Qe1 b5 26. cxb5
Qxb5 27. Qd2 Qc5 28. h4 Rd5 29. Qe2 Rc8 30. Kh2 Qc2 31. Rd2 Qf5 32. g3 d3 33.
Qe3 Rc7 34. Nd4 Rxd4 35. Qxd4 Rc2 36. Qd8+ Bf8 37. Rxc2 dxc2 38. Bh6 Qf2+ 39.
Kh3 Qf1+ 40. Kh2 Qf2+ 41. Kh3 Qc5 42. Bxf8 Qxf8 43. Qc7 h5 44. Qxc2 Qa8 45. Qg2
Qd5 46. Qxd5 exd5 47. Kg2 Kf8 48. Kf3 Ke7 49. b4 Ke6 50. Kf4 d4 51. Ke4 d3 52.
Kxd3 Kxe5 53. b5 Kd5 54. a4 f6 55. a5 Kc5 56. b6 axb6 57. axb6 Kxb6 58. Ke4 Kc6
59. Kf4 Kd6 60. g4 Ke6 61. g5 f5 62. Ke3 Ke5 63. Kf3 f4 64. Ke2 Ke4 65. Kf2 f3
0-1

[Event "East Lansing (MOR/2/6)"]
[Site "?"]
[Date "1993.??.??"]
[Round "?"]
[White "Imai, Toshio"]
[Black "Davis, Michael"]
[Result "1-0"]
[WhiteElo "1750"]
[BlackElo "1605"]
[PlyCount "77"]
[EventDate "1993.??.??"]

{2/(6)} 1. e4 c5 2. d4 cxd4 3. c3 dxc3 4. Nxc3 Nc6 5. Nf3 d6 6. Bc4 Nf6 7. e5
Ng4 8. e6 fxe6 9. Ng5 d5 10. Qxg4 dxc4 11. O-O Nd4 12. Qf4 Nf5 13. Rd1 Qb6 14.
Qxc4 Bd7 15. Rxd7 Kxd7 16. Bf4 h6 17. Rd1+ Ke8 18. Nxe6 Nd6 19. Nc7+ Kd8 20.
Bxd6 exd6 21. Nxa8 Qc6 22. Qe6 b6 23. Qd5 Qxd5 24. Nxd5 Be7 25. Nac7 Kd7 26.
Nxe7 Kxe7 27. Nb5 Rd8 28. Nxa7 Ra8 29. Nc6+ Ke6 30. Nb4 Ra5 31. Kf1 g5 32. a3
Rc5 33. Ke2 h5 34. Re1 Kf5 35. Kd2 d5 36. Nd3 Rb5 37. Re5+ Kf6 38. b4 h4 39. h3
1-0

[Event "Eastpointe (MI Action/6/15)"]
[Site "?"]
[Date "1993.??.??"]
[Round "?"]
[White "Ifill, Don"]
[Black "Zuniga, Jesus"]
[Result "0-1"]
[WhiteElo "1800"]
[BlackElo "1605"]
[PlyCount "105"]
[EventDate "1993.??.??"]

{6/(15)} 1. g3 d5 2. Bg2 Nf6 3. d3 e6 4. Nd2 g6 5. b3 Bg7 6. Bb2 O-O 7. Ngf3 b6
8. O-O Bb7 9. Rc1 c5 10. c4 Nbd7 11. Re1 Qc7 12. Qc2 Rfe8 13. a3 a5 14. e4 d4
15. Rb1 e5 16. Bc1 Qc6 17. Rb2 b5 18. cxb5 Qxb5 19. Nc4 Qc6 20. Bd2 a4 21. b4
cxb4 22. Bxb4 Nb6 23. Nd6 Qxc2 24. Rxc2 Re7 25. Rec1 Ne8 26. Bh3 Nxd6 27. Bxd6
Ree8 28. Rb1 Nc8 29. Bxe5 Ba6 30. Bxg7 Bxd3 31. Rxc8 Raxc8 32. Rd1 Rc3 33. Bxd4
Rxa3 34. Nd2 Bc2 35. Rc1 Rd3 36. Be3 Bb3 37. Bf1 Rd6 38. Ra1 Rdd8 39. Bb5 Re5
40. Bxa4 Bxa4 41. Rxa4 Rb5 42. Ra2 h5 43. Kg2 Kh7 44. Ra7 Kg8 45. h4 Rbb8 46.
Kf3 Rbc8 47. Re7 Rd3 48. Ra7 Rcc3 49. Kg2 Rd8 50. Ra4 Rcc8 51. Nf3 Ra8 52. Rxa8
Rxa8 53. Ng5 0-1

[Event "Eastpointe (MI Action/3/7)"]
[Site "?"]
[Date "1993.??.??"]
[Round "?"]
[White "Ifill, Don"]
[Black "Calton, Bill"]
[Result "0-1"]
[WhiteElo "1800"]
[BlackElo "2110"]
[PlyCount "61"]
[EventDate "1993.??.??"]

{3/(7)} 1. g3 Nf6 2. Bg2 g6 3. b3 Bg7 4. Bb2 c5 5. d3 d5 6. Nd2 O-O 7. Ngf3 Nc6
8. O-O Qc7 9. a3 d4 10. c4 e5 11. Qc2 Bg4 12. Rfe1 Nd7 13. Rab1 Rae8 14. Bc1 f5
15. b4 Re7 16. b5 Nd8 17. Nb3 e4 18. Bg5 Bf6 19. Bf4 Qc8 20. dxe4 fxe4 21. Nfd2
e3 22. fxe3 Nf7 23. Bd5 Kg7 24. exd4 g5 25. Be5 Nfxe5 26. dxe5 Bxe5 27. Nf3 Bf6
28. Rbd1 Nb6 29. Be4 Kg8 30. Bd5+ Kh8 31. Qd2 0-1

[Event "Troy (TCC/DEU/2/2)"]
[Site "?"]
[Date "1993.??.??"]
[Round "?"]
[White "Huston, S."]
[Black "Jankowski, N."]
[Result "1-0"]
[WhiteElo "1605"]
[BlackElo "1605"]
[PlyCount "97"]
[EventDate "1993.??.??"]

{2/(2)} 1. e4 d6 2. d4 b6 3. Bb5+ c6 4. Bd3 Nf6 5. Nc3 Bb7 6. Nf3 h6 7. O-O
Nbd7 8. Bf4 e6 9. Re1 Be7 10. Qd2 Nh5 11. Be3 O-O 12. Bxh6 gxh6 13. Qxh6 Ng7
14. e5 f5 15. exf6 Bxf6 16. Rxe6 Kf7 17. Re2 Rh8 18. Qg6+ Kf8 19. Rae1 d5 20.
Ne5 Nxe5 21. dxe5 Qc7 22. Qxf6+ Kg8 23. Bf5 Rf8 24. Be6+ Nxe6 25. Qxe6+ Kg7 26.
Re3 Rf7 27. Rg3+ Kf8 28. Qd6+ Qe7 29. Qb8+ Qe8 30. Qd6+ Qe7 31. Qb8+ Qe8 32.
Qxe8+ Kxe8 33. e6 Re7 34. f4 Rf8 35. Rf3 d4 36. Ne4 Kd8 37. Nd6 Ba8 38. f5 c5
39. Rf2 Kc7 40. Nf7 Rfxf7 41. exf7 Rxf7 42. f6 Kd6 43. h3 Bd5 44. a3 b5 45. g4
c4 46. g5 Rh7 47. Kh2 Be6 48. Rf3 Bg4 49. f7 1-0

[Event "Troy (TCC/DEU/4/1)"]
[Site "?"]
[Date "1993.??.??"]
[Round "?"]
[White "Huston, S."]
[Black "Arond, D."]
[Result "0-1"]
[WhiteElo "1605"]
[BlackElo "1605"]
[PlyCount "81"]
[EventDate "1993.??.??"]

{4/(1)} 1. e4 e5 2. Nf3 Nf6 3. Nc3 Nc6 4. Bc4 Nxe4 5. Nxe4 d5 6. Bb5 dxe4 7.
Nxe5 Qg5 8. Nxc6 Qxb5 9. Nd4 Qc4 10. c3 Bd7 11. Qe2 Qxe2+ 12. Nxe2 Bb5 13. Nd4
Bd3 14. f3 c5 15. Ne2 exf3 16. gxf3 Bd6 17. Ng3 O-O-O 18. Kf2 Rhe8 19. b3 f5
20. Rg1 g6 21. Ba3 f4 22. Ne4 Bxe4 23. fxe4 Rxe4 24. Rae1 Rde8 25. Rxe4 Rxe4
26. Rg5 b6 27. Bc1 Kd7 28. Rg4 Re7 29. d3 Rf7 30. Kf3 Ke6 31. Bxf4 g5 32. Rxg5
Rxf4+ 33. Ke3 Rf5 34. Rg7 Rf7 35. Rg2 Bf4+ 36. Ke4 Bd6 37. d4 Rf4+ 38. Kd3 Rf3+
39. Kc4 cxd4 40. cxd4 a6 41. Rg8 0-1

[Event "Flint (MI Jr/4)"]
[Site "?"]
[Date "1993.??.??"]
[Round "?"]
[White "Houston, Ryan"]
[Black "Woods, I."]
[Result "1-0"]
[WhiteElo "1605"]
[BlackElo "1605"]
[PlyCount "99"]
[EventDate "1993.??.??"]

1. e4 e5 2. Nf3 Nf6 3. Nxe5 d6 4. Nf3 Nxe4 5. Qe2 Qe7 6. d3 Nf6 7. Bg5 Qxe2+ 8.
Bxe2 Be7 9. Nc3 Be6 10. Nb5 Bd8 11. Bxf6 gxf6 12. O-O a6 13. Nc3 Nc6 14. a3 Rg8
15. Rfe1 Be7 16. d4 d5 17. Bd3 Rg7 18. b4 b5 19. g3 f5 20. Ne2 Bd6 21. Kh1
O-O-O 22. c3 Kb7 23. Nh4 Ne7 24. a4 bxa4 25. Rxa4 Ra8 26. Rea1 Bd7 27. Rxa6
Rxa6 28. Bxa6+ Kb6 29. Bd3 Bc8 30. f4 h5 31. Ra8 f6 32. Nc1 Rg4 33. Ne2 c6 34.
Ra1 Bb8 35. Re1 Rg7 36. Nc1 Bc7 37. Nb3 Bd8 38. Nc5 Bc7 39. Ra1 Rg4 40. Ba6
Bxf4 41. Bxc8 Nxc8 42. Nd7+ Kb5 43. Nxf6 Rg7 44. Nxh5 Ra7 45. Rxa7 Nxa7 46.
Nxf4 Kc4 47. Nxf5 Kxc3 48. h4 Kxb4 49. h5 c5 50. dxc5 1-0

[Event "Troy (TCC/DEU/3/3)"]
[Site "?"]
[Date "1993.??.??"]
[Round "?"]
[White "Houston, Ryan"]
[Black "Moore, W."]
[Result "1-0"]
[WhiteElo "1605"]
[BlackElo "1605"]
[PlyCount "73"]
[EventDate "1993.??.??"]

{3/(3)} 1. e4 c6 2. Nf3 d5 3. Nc3 Nf6 4. d3 Bg4 5. h3 Bh5 6. g4 Bg6 7. Nh4 dxe4
8. Nxg6 fxg6 9. dxe4 Qxd1+ 10. Kxd1 e5 11. Bd3 Bc5 12. f3 Nbd7 13. Ke2 O-O-O
14. Rd1 Bd4 15. Be3 Bxc3 16. bxc3 b6 17. Ba6+ Kc7 18. a4 h5 19. a5 c5 20. axb6+
axb6 21. Bb5 Ra8 22. g5 Rxa1 23. Rxa1 Kb7 24. gxf6 Nxf6 25. Bc4 Re8 26. Bf7 Re7
27. Bxg6 Re6 28. Bf7 Rd6 29. Rd1 Rxd1 30. Kxd1 Kc7 31. Bg5 Kd7 32. Bxf6 gxf6
33. Bxh5 Ke7 34. Bg4 Kf7 35. Kd2 Kg6 36. Kd3 Kg5 37. Kc4 1-0

[Event "Flint (MI Jr/5)"]
[Site "?"]
[Date "1993.??.??"]
[Round "?"]
[White "Houston, Ryan"]
[Black "Mannor, Eric"]
[Result "0-1"]
[WhiteElo "1605"]
[BlackElo "1605"]
[PlyCount "72"]
[EventDate "1993.??.??"]

1. e4 e5 2. Nf3 Nc6 3. Bb5 Bc5 4. Nc3 d6 5. d4 exd4 6. Nxd4 Bd7 7. Nxc6 Bxc6 8.
Bxc6+ bxc6 9. Qf3 Qd7 10. Be3 Bb6 11. O-O-O Ne7 12. Rd2 O-O 13. h4 Bxe3 14.
Qxe3 Ng6 15. Qg3 Ne5 16. h5 Qg4 17. Qxg4 Nxg4 18. f3 Ne5 19. h6 g6 20. b3 Rfe8
21. Ne2 Rad8 22. Nd4 Re7 23. f4 c5 24. fxe5 cxd4 25. exd6 Rxd6 26. Rh4 c5 27.
c3 Re5 28. cxd4 cxd4 29. Rc2 Rd8 30. Kd2 f6 31. Kd3 Kf7 32. Rc4 g5 33. Rc7+ Re7
34. Rxe7+ Kxe7 35. Rg4 Ke6 36. Kc4 d3 0-1

[Event "Troy (TCC/DEU/1b/3)"]
[Site "?"]
[Date "1993.??.??"]
[Round "?"]
[White "Houston, Ryan"]
[Black "Anderson, N."]
[Result "1-0"]
[WhiteElo "1605"]
[BlackElo "1605"]
[PlyCount "76"]
[EventDate "1993.??.??"]

1. e4 c5 2. Nf3 a6 3. Nc3 e6 4. b3 Nc6 5. Ba3 b5 6. Bb2 Nf6 7. d3 Bd6 8. Ne2
O-O 9. e5 Nxe5 10. Nxe5 Qc7 11. Nf3 Nd5 12. Qd2 Bb7 13. a3 f6 14. c4 bxc4 15.
dxc4 Nf4 16. Rd1 Nxe2 17. Qxd6 Qxd6 18. Rxd6 Nf4 19. Bc1 e5 20. Bxf4 exf4 21.
Be2 Rfe8 22. Rd2 Re6 23. O-O Rae8 24. Bd3 R6e7 25. Bf5 Bc6 26. h3 g6 27. Bc2 h5
28. Rdd1 Kf7 29. Rde1 Bxf3 30. Rxe7+ Rxe7 31. gxf3 Re2 32. Bd1 Ra2 33. b4 cxb4
34. axb4 Rb2 35. b5 axb5 36. cxb5 Rxb5 37. Ba4 Rd5 38. Re1 Kf8 1-0

[Event "East Lansing (MOR/7/8)"]
[Site "?"]
[Date "1993.??.??"]
[Round "?"]
[White "Horton, Deon"]
[Black "Walquist, Elaine"]
[Result "1-0"]
[WhiteElo "1735"]
[BlackElo "1605"]
[PlyCount "76"]
[EventDate "1993.??.??"]

{7/(8)} 1. e4 e5 2. Nf3 Nc6 3. Bb5 Nf6 4. O-O a6 5. Ba4 Be7 6. Re1 O-O 7. Bxc6
bxc6 8. Nxe5 Bb7 9. d4 d5 10. f3 dxe4 11. fxe4 Bd6 12. Nf3 Be7 13. Nbd2 c5 14.
e5 Nd7 15. Qe2 cxd4 16. e6 Bc5 17. Kh1 fxe6 18. Qxe6+ Kh8 19. Qh3 Nf6 20. Ng5
Kg8 21. Qe6+ Kh8 22. Nf7+ Rxf7 23. Qxf7 Bd5 24. Re6 Bxe6 25. Qxe6 Qf8 26. Nf3
Re8 27. Qxa6 Ng4 28. h3 Nf2+ 29. Kh2 Qe7 30. Bf4 Qf7 31. Bg3 d3 32. cxd3 Re6
33. Qc8+ Re8 34. Qxc7 Qxc7 35. Bxc7 Nxd3 36. Rd1 Rc8 37. Rxd3 Re8 38. Rd8 Rxd8
$138 1-0

[Event "East Lansing (MOR/3/20)"]
[Site "?"]
[Date "1993.??.??"]
[Round "?"]
[White "Horton, Deon"]
[Black "Troupe, D."]
[Result "0-1"]
[WhiteElo "1735"]
[BlackElo "1605"]
[PlyCount "112"]
[EventDate "1993.??.??"]

{3/(20)} 1. e4 e5 2. Nf3 Nc6 3. Bb5 Nf6 4. O-O a6 5. Ba4 b5 6. Bb3 Bc5 7. d3 h6
8. c3 d6 9. h3 O-O 10. Re1 b4 11. d4 exd4 12. cxd4 Bb6 13. Qd3 Ne7 14. Nbd2 Be6
15. d5 Bc8 16. Nf1 Ng6 17. Bc2 Qd7 18. Ng3 Re8 19. b3 Ne5 20. Nxe5 dxe5 21. Qf3
c6 22. Rd1 cxd5 23. exd5 Bb7 24. Bxh6 Bxd5 25. Ne4 Re6 26. Qg3 Nh5 27. Qg4 g6
28. Qg5 Qc6 29. Ng3 Qxc2 30. Nxh5 Qxf2+ 31. Kh1 Bxg2+ 32. Qxg2 Qxg2+ 33. Kxg2
gxh5 34. Bd2 Rg6+ 35. Kf3 f5 36. Bxb4 Rc8 37. Rd5 Bd4 38. Rf1 Rc2 39. a4 h4 40.
Rd8+ Kf7 41. Rf8+ Ke6 42. Re8+ Kd7 43. Re7+ Kd8 44. Rxe5 Bxe5 45. Rd1+ Kc8 46.
Be1 Bg3 47. Ba5 Bc7 48. Be1 Rh2 49. Rc1 Rxh3+ 50. Ke2 Rg2+ 51. Kf1 Rb2 52. Bf2
Rf3 53. Kg2 Rbxf2+ 54. Kg1 h3 55. Rxc7+ Kxc7 56. b4 Rg2+ 0-1

[Event "East Lansing (MOR/5/22)"]
[Site "?"]
[Date "1993.??.??"]
[Round "?"]
[White "Horton, Deon"]
[Black "Repas, B."]
[Result "1-0"]
[WhiteElo "1735"]
[BlackElo "1605"]
[PlyCount "61"]
[EventDate "1993.??.??"]

{5/(22)} 1. e4 c5 2. g3 Nc6 3. Bg2 g6 4. f4 e6 5. d3 Bg7 6. c3 Nge7 7. Nf3 d5
8. O-O dxe4 9. dxe4 Qxd1 10. Rxd1 O-O 11. Be3 b6 12. Nbd2 e5 13. Nc4 exf4 14.
gxf4 Bg4 15. h3 Be6 16. Nd6 Nc8 17. Ng5 Nd8 18. f5 h6 19. Nxe6 fxe6 20. e5 Rb8
21. f6 Nxd6 22. fxg7 Kxg7 23. exd6 e5 24. Rf1 g5 25. Rxf8 Kxf8 26. Bf2 Kf7 27.
Bd5+ Kf6 28. Bg3 Ne6 29. Bxe6 Kxe6 30. Rd1 Rd8 31. d7 1-0

[Event "East Lansing (May)"]
[Site "?"]
[Date "1993.??.??"]
[Round "?"]
[White "Horton, Deon"]
[Black "Pulsipher, D."]
[Result "0-1"]
[WhiteElo "1715"]
[BlackElo "1730"]
[PlyCount "68"]
[EventDate "1993.??.??"]

1. e4 c5 2. Nf3 d6 3. d3 Nc6 4. g3 g6 5. Bg2 Bg7 6. c3 e5 7. O-O Nge7 8. Nbd2
O-O 9. a4 Bd7 10. Nc4 Qc7 11. Ne1 a6 12. a5 Be6 13. Nb6 Rab8 14. f4 f5 15. Nf3
h6 16. fxe5 Nxe5 17. Nxe5 dxe5 18. Be3 Rbd8 19. Qe2 fxe4 20. Rxf8+ Rxf8 21.
Bxe4 Bh3 22. Nd5 Nxd5 23. Bxd5+ Kh7 24. Rd1 Qe7 25. c4 Rf6 26. Qd2 Qf8 27. Qe2
h5 28. Re1 Bg4 29. Qg2 Bf3 30. Bxf3 Rxf3 31. Bxc5 Qxc5+ 32. Kh1 Qf2 33. Qxf2
Rxf2 34. Rb1 Rd2 0-1

[Event "East Lansing (MOR/1a/6)"]
[Site "?"]
[Date "1993.??.??"]
[Round "?"]
[White "Horton, Deon"]
[Black "Etienne, T."]
[Result "0-1"]
[WhiteElo "1735"]
[BlackElo "1605"]
[PlyCount "70"]
[EventDate "1993.??.??"]

1. e4 c6 2. d4 d5 3. Nd2 dxe4 4. Nxe4 Nd7 5. Bc4 Ngf6 6. Ng5 e6 7. Qe2 Nb6 8.
N1f3 Nxc4 9. Qxc4 Qd5 10. Qe2 b5 11. Be3 Bd6 12. Nh3 O-O 13. Nf4 Bxf4 14. Bxf4
a5 15. c3 Ba6 16. b3 c5 17. Be5 Ne4 18. Qc2 f6 19. Bg3 cxd4 20. cxd4 Rfc8 21.
Qb2 b4 22. Rc1 Nc3 23. Qd2 Ne4 24. Rxc8+ Rxc8 25. Qb2 Bd3 26. Kd1 Rc2 27. Qxc2
Bxc2+ 28. Kxc2 Qc6+ 29. Kd3 f5 30. Ne5 Qc3+ 31. Ke2 Qxd4 32. Bf4 Qxf2+ 33. Kd3
Qxf4 34. Kd4 Qd2+ 35. Kc4 Qd5# 0-1

[Event "East Lansing (MOR/1b/28)"]
[Site "?"]
[Date "1993.??.??"]
[Round "?"]
[White "Horn, K."]
[Black "LaFerriere, Larry"]
[Result "1-0"]
[WhiteElo "1605"]
[BlackElo "1605"]
[PlyCount "111"]
[EventDate "1993.??.??"]

1. d4 Nc6 2. c4 e5 3. d5 Nd4 4. e3 Bb4+ 5. Bd2 Bxd2+ 6. Nxd2 Nf5 7. Bd3 Ngh6 8.
Ngf3 d6 9. O-O O-O 10. Rc1 g6 11. Ne4 Nh4 12. h3 f6 13. Nxh4 f5 14. Nf3 fxe4
15. Bxe4 Bf5 16. Bxf5 Nxf5 17. e4 Nh4 18. Nxh4 Qxh4 19. Qg4 Rf4 20. Qxh4 Rxh4
21. f3 Rf4 22. b4 b6 23. a4 Rc8 24. Rc2 c6 25. Rfc1 cxd5 26. cxd5 Rxc2 27. Rxc2
Rf8 28. Rc7 Rf7 29. Rc6 Rd7 30. Kf2 Kf7 31. h4 h6 32. Kg3 g5 33. Kg4 Kf6 34.
Kh5 gxh4 35. Kxh6 Rd8 36. Kh5 Rh8+ 37. Kg4 Rg8+ 38. Kh3 Kg5 39. Rxd6 Kh5 40.
Re6 Rg3+ 41. Kh2 Kg5 42. Rxe5+ Kf4 43. Rh5 Ke3 44. Rxh4 Kf2 45. Rg4 Rxg4 46.
fxg4 Ke3 47. e5 Kd4 48. d6 Kd5 49. d7 Kxe5 50. d8=Q b5 51. a5 a6 52. g5 Ke4 53.
Qf6 Ke3 54. Kg3 Ke2 55. Qc3 Kf1 56. Qd2 1-0